[Event "Match"]
[Site "www.echecsemail.com"]
[Date "2016.07.09"]
[Round "1"]
[White "Markos123"]
[Black "Menace"]
[WhiteElo "1840"]
[BlackElo "2230"]
[Result "0-1"]
[Round "1"]
1.d4 d5
2.Bc1e3 Bc8f5
3.Nb1c3 Ng8f6
4.g3 Nb8c6
5.a3 e6
6.Bf1h3 Bf5xh3
7.Ng1xh3 Bf8d6
8.Nc3b5 O-O
9.Be3f4 Bd6xf4
10.Nh3xf4 a6
11.Nb5c3 b5
12.O-O Nc6e7
13.f3 Ne7f5
14.Qd1d2 Qd8d6
15.b4 Qd6b6
16.Ra1e1 Nf5xd4
17.Qd2e3 Nd4xc2
18.Qe3xb6 cxb6
19.Re1c1 Nc2xa3
20.Nf4d3 d4
21.Nc3b1 Na3xb1
22.Rc1xb1 Nf6d5
23.f4 Ra8c8
24.Rf1c1 Nd5c3
25.Rb1b2 f6
26.Kg2 Nc3d5
27.e4 Nd5e3
28.Kf3 Rc8xc1
29.Nd3xc1 Rf8c8
30.Nc1d3 h5
31.f5 e5
32.h3 Kf7
33.Rb2a2 Rc8a8
34.Nd3f2 g5
35.g4 h4
36.Ra2a1 a5
37.Nf2d3 a4
38.Ke2 Ne3c4
39.Kd1 Nc4d6
40.Nd3f2 Ra8c8
41.Nf2d3 Nd6xe4
42.Ke2 Ne4c3
43.Kd2 Nc3d5
44.Ra1e1 Rc8c4
45.Re1xe5 fxe5
46.Nd3xe5 Kf6
47.Ne5xc4 bxc4
48.b5 a3
49.Kc1 d3
{ resign }
0-1

[Event "Match"]
[Site "www.echecsemail.com"]
[Date "2016.07.09"]
[Round "1"]
[White "Hundegana"]
[Black "Genius9"]
[WhiteElo "1920"]
[BlackElo "1640"]
[Result "1-0"]
[Round "1"]
1.e4 e6
2.d4 d5
3.exd5 exd5
4.c3 Ng8f6
5.g3 Bc8f5
6.Bf1d3 Qd8e7
7.Ng1e2 Bf5e4
8.Bd3xe4 Qe7xe4
9.Rh1f1 Bf8d6
10.f3 Qe4e7
11.Kf2 O-O
12.Rf1e1 Qe7d7
13.Ne2g1 c6
14.Bc1g5 Bd6e7
15.Nb1d2 h6
16.Bg5xf6 Be7xf6
17.Re1e2 Nb8a6
18.Kg2 Rf8e8
19.Re2xe8 Ra8xe8
20.Qd1c2 Na6c7
21.Kf2 Nc7b5
22.a4 Nb5d6
23.b3 Qd7e6
24.Qc2d3 Qe6f5
25.Qd3xf5 Nd6xf5
26.Ra1e1 Re8xe1
27.Kxe1 Kf8
28.Ke2 Nf5d6
29.Ng1h3 Ke7
30.Kd3 g6
31.Nd2f1 g5
32.Nf1e3 Ke6
33.g4 Bf6e7
34.f4 Be7f6
35.fxg5 hxg5
36.Nh3f2 Bf6e7
37.h3 f6
38.Ne3g2 Be7d8
39.h4 gxh4
40.Ng2xh4 Bd8e7
41.Nh4g6 Nd6f7
42.Ng6xe7 Kxe7
43.c4 dxc4
44.Kxc4 Nf7d6
45.Kc5 Kd7
46.a5 Kc7
47.Kb4 b6
48.axb6 axb6
49.Kc3 Kd7
50.Kd3 Ke6
51.Kc3 Kd5
52.Kd3 b5
53.b4 Ke6
54.Nf2h3 Nd6c4
55.Nh3f4 Kf7
56.d5 cxd5
57.Nf4xd5 Kg6
58.Nd5e3 Nc4xe3
59.Kxe3 Kg5
60.Kf3 f5
61.gxf5  { time }
1-0

[Event "Match"]
[Site "www.echecsemail.com"]
[Date "2016.07.09"]
[Round "1"]
[White "Jhzes"]
[Black "Fred"]
[WhiteElo "1930"]
[BlackElo "1950"]
[Result "0-1"]
[Round "1"]
1.f4 e6
2.Ng1f3 Ng8f6
3.d3 Bf8c5
4.h3 Nb8c6
5.b3 Nf6d5
6.e4 Nd5e3
7.Bc1xe3 Bc5xe3
8.Nb1c3 Be3xf4
9.Nc3e2 Bf4d6
10.c3 h6
11.g4 f6
12.a3 b6
13.Bf1g2 Bc8b7
14.b4 O-O
15.Nf3h4 Qd8e8
16.Rh1g1 Nc6e5
17.d4 Ne5c4
18.Qd1b3 Nc4e3
19.Bg2f3 Bb7a6
20.e5 fxe5
21.Bf3xa8 Qe8f7
22.Ba8g2 Qf7f2
23.Kd2 Ba6xe2
{ resign }
0-1

[Event "Match"]
[Site "www.echecsemail.com"]
[Date "2016.07.09"]
[Round "1"]
[White "Jhzes"]
[Black "Add"]
[WhiteElo "1890"]
[BlackElo "2000"]
[Result "0-1"]
[Round "1"]
1.b3 d5
2.Bc1b2 Nb8c6
3.e3 a6
4.h3 Ng8f6
5.Bb2xf6 exf6
6.Bf1d3 g6
7.Ng1f3 Bf8g7
8.Nb1c3 Nc6e5
9.Qd1e2 c6
10.O-O Ne5xd3
11.Qe2xd3 Bc8f5
12.Qd3d4 O-O
13.d3 Rf8e8
14.g4 Bf5e6
15.e4 f5
16.Qd4e3 Bg7xc3
17.Ra1b1 fxg4
{ resign }
0-1

[Event "Match"]
[Site "www.echecsemail.com"]
[Date "2016.07.09"]
[Round "1"]
[White "Sonny1000"]
[Black "Traub"]
[WhiteElo "1510"]
[BlackElo "1350"]
[Result "1-0"]
[Round "1"]
1.e4 e6
2.e5 Nb8c6
3.c3 Ng8e7
4.Qd1b3 b6
5.Nb1a3 Bc8b7
6.d4 Ne7g6
7.Na3b5 a6
8.Nb5a3 d5
{ time. }
1-0

[Event "Match"]
[Site "www.echecsemail.com"]
[Date "2016.07.09"]
[Round "1"]
[White "Germancho95"]
[Black "Hurtadofredy"]
[WhiteElo "1620"]
[BlackElo "1540"]
[Result "0-1"]
[Round "1"]
1.e4 e6
2.Bf1b5 Ng8f6
3.d3 c6
4.Bb5a4 Qd8a5
5.c3 b5
6.b4 Qa5xa4
7.Qd1xa4 bxa4
8.e5 Nf6g8
9.Ng1f3 d5
10.d4 a5
11.a3 axb4
12.axb4 g6
13.O-O Bc8a6
14.Rf1e1 Ba6c4
15.Nb1d2 Bf8h6
16.b5 Bh6xd2
17.Bc1xd2 cxb5
18.Nf3g5 Ng8e7
19.Re1e3 h6
20.Ng5f3 Ne7f5
21.Re3e1 Nb8c6
22.Re1b1 h5
 { time }
0-1

[Event "Match"]
[Site "www.echecsemail.com"]
[Date "2016.07.09"]
[Round "1"]
[White "Jhzes"]
[Black "Goofy"]
[WhiteElo "1960"]
[BlackElo "2290"]
[Result "0-1"]
[Round "1"]
1.Ng1f3 e6
2.c4 f5
3.d4 Ng8f6
4.Bc1g5 Bf8e7
5.Bg5xf6 Be7xf6
6.e3 b6
7.g3 Bc8b7
8.Nb1d2 d6
9.Bf1g2 Nb8d7
10.O-O O-O
11.Qd1c2 Bf6e7
12.b4 Ra8b8
13.a4 e5
14.d5 c6
15.dxc6 Bb7xc6
16.b5 Bc6b7
17.Bg2h3 g6
18.Ra1e1 Nd7c5
19.Bh3g2 Rb8c8
20.h4 e4
21.Nf3h2 d5
22.f4 Nc5d3
23.Re1b1 d4
24.exd4 Qd8xd4
25.Kh1 Nd3f2
26.Kg1 Nf2h3
27.Kh1 Qd4g1
{ resign }
0-1

[Event "Match"]
[Site "www.echecsemail.com"]
[Date "2016.07.09"]
[Round "1"]
[White "Ztornad"]
[Black "Paco"]
[WhiteElo "1770"]
[BlackElo "1850"]
[Result "0-1"]
[Round "1"]
1.e4 e5
2.Nb1c3 Ng8f6
3.Ng1f3 Bf8c5
4.Qd1e2 d6
5.Nc3d5 c6
6.Nd5xf6 Qd8xf6
7.h3 Nb8a6
8.b3 Na6b4
9.Qe2d1 O-O
10.Bf1c4 d5
11.exd5 Qf6g6
12.O-O Bc8xh3
13.g3 Bh3xf1
14.Bc4xf1 Nb4xc2
15.Ra1b1 Qg6xg3
16.Bf1g2 Bc5xf2
17.Kf1 e4
18.Nf3g1 Bf2c5
19.Qd1e2 Qg3f4
20.Ng1f3 exf3
21.Bg2xf3 g5
22.d4 Nc2xd4
23.Bc1xf4 Nd4xe2
24.Bf4xg5 Ne2g3
25.Kg2 Ng3f5
26.dxc6 bxc6
27.Bf3xc6 Ra8c8
28.Bc6e4 Nf5d4
29.Rb1h1 f5
30.Be4d5 Rf8f7
31.Rh1h4 Kg7
32.Bg5h6 Kf6
33.Bd5xf7 Kxf7
34.Bh6d2 Rc8g8
35.Kh3 Nd4f3
36.Rh4xh7 Kf8
37.Bd2h6 Ke8
38.Bh6f4 Nf3g5
39.Bf4xg5 Rg8xg5
40.Rh7c7 f4
41.Rc7c8 Kd7
42.Rc8b8 f3
43.Rb8b7 Ke6
44.b4 Bc5d4
45.Rb7b8 f2
46.Rb8f8 Bd4f6
47.Rf8xf6 Kxf6
 { time }
0-1

[Event "1/128 Finale"]
[Site "www.chess-mail.com"]
[Date "2016.07.09"]
[Round "1"]
[White "Snoopy"]
[Black "Jhzes"]
[WhiteElo "2210"]
[BlackElo "1860"]
[Result "1-0"]
[Round "1"]
1.b3 e6
2.Bc1b2 b5
3.e4 a6
4.Ng1f3 Bc8b7
5.d3 Ng8f6
6.Nb1d2 c5
7.c4 b4
8.h3 d6
9.Bf1e2 e5
10.O-O g6
11.Nf3h2 Bf8g7
12.f4 exf4
13.Rf1xf4 Nb8d7
14.Qd1f1 Nd7e5
15.Nh2g4 Nf6xg4
16.Be2xg4 O-O
17.Qf1e2 Qd8g5
18.Nd2f3 Qg5xf4
19.Nf3xe5 Bg7xe5
20.Ra1f1 Qf4h2
21.Kf2 Be5xb2
22.Qe2xb2 h5
23.Bg4f3 h4
24.Qb2f6 Qh2g3
25.Kg1 Ra8e8
26.Bf3g4 Bb7xe4
27.dxe4 Re8xe4
28.Rf1f5 Re4xg4
29.hxg4 h3
30.Rf5f2 Kh7
31.Kh1 Qg3xg4
32.gxh3 Qg4e4
33.Kh2 Qe4c6
34.Rf2f4 g5
35.Qf6xg5 { resign }
1-0

[Event "Eq:La Taverne-Slap Shot Mates : "]
[Site "www.chess-mail.com"]
[Date "2016.07.09"]
[Round "1"]
[White "Terrible"]
[Black "Mustaphly"]
[WhiteElo "2290"]
[BlackElo "2780"]
[Result "0-1"]
[Round "1"]
1.d4 Ng8f6
2.Ng1f3 d6
3.c4 Nb8d7
4.Nb1c3 e5
5.e4 c6
6.Bf1e2 Bf8e7
7.O-O Qd8c7
8.Bc1e3 O-O
9.dxe5 dxe5
10.Qd1c2 Nd7c5
11.Rf1d1 Nf6g4
12.Be3g5 f5
13.Bg5xe7 Qc7xe7
14.Be2d3 Ng4f6
15.Nf3d2 Nc5xd3
16.Qc2xd3 Rf8d8
17.Qd3c2 f4
18.h3 Bc8e6
19.b3 g5
20.Nd2f1 Rd8f8
21.f3 h5
22.Nf1h2 g4
23.hxg4 hxg4
24.fxg4 Nf6xg4
25.Nh2xg4 Be6xg4
26.Rd1d3 Kf7
27.Ra1f1 Rf8h8
28.Qc2d2 Rh8h4
29.g3 Rh4h6
30.Rf1xf4 exf4
31.Qd2xf4 Rh6f6
32.Qf4xg4 Qe7c5
{ resign }
0-1

[Event "Tourn. n8826"]
[Site "www.chess-mail.com"]
[Date "2016.07.10"]
[Round "1"]
[White "Genius2"]
[Black "Wwgia"]
[WhiteElo "2080"]
[BlackElo "2010"]
[Result "1-0"]
[Round "1"]
1.e4 c5
2.Ng1f3 Nb8c6
3.Bf1b5 g6
4.Bb5xc6 dxc6
5.d4 cxd4
6.Qd1xd4 Qd8xd4
7.Nf3xd4 Ng8f6
8.Nb1c3 Bf8g7
9.Bc1e3  { time }
1-0

[Event "Tourn. n8815"]
[Site "www.chess-mail.com"]
[Date "2016.07.10"]
[Round "1"]
[White "Osopanda"]
[Black "Genius9"]
[WhiteElo "1990"]
[BlackElo "1830"]
[Result "1-0"]
[Round "1"]
1.c4 e6
2.d4 d5
3.Nb1c3 Ng8f6
4.cxd5 exd5
5.Ng1f3 Bf8e7
6.h3 O-O
7.Bc1f4 c6
8.e3 Be7b4
9.Bf1d3 Rf8e8
10.O-O Nb8d7
11.Nf3e5 Bb4f8
12.Bf4h2 Nd7b6
13.Ra1c1 Bc8e6
14.f4 g6
15.g4 Nf6d7
16.f5 Nd7xe5
17.Bh2xe5 Be6d7
18.Qd1f3  { time }
1-0

[Event "Tourn. n8810"]
[Site "www.chess-mail.com"]
[Date "2016.07.10"]
[Round "1"]
[White "Fkarpov"]
[Black "Andychesston"]
[WhiteElo "2080"]
[BlackElo "2050"]
[Result "0-1"]
[Round "1"]
1.e4 e5
2.Ng1f3 Nb8c6
3.Bf1b5 d6
4.d4 a6
5.Bb5a4 b5
6.Ba4b3 Bc8g4
7.Bb3xf7 Kxf7
8.Nf3g5 Qd8xg5
9.Bc1xg5 Bg4xd1
10.Kxd1 Nc6xd4
11.Bg5e3 c5
12.Be3xd4 cxd4
13.Rh1e1 Ng8f6
14.f3 Bf8e7
15.Nb1d2 a5
16.b3 h5
17.c4 b4
18.a3 bxa3
19.Ra1xa3 d5
20.Ra3a2 dxe4
21.fxe4 Be7b4
{ resign }
0-1

[Event "Tourn. n8794"]
[Site "www.chess-mail.com"]
[Date "2016.07.10"]
[Round "1"]
[White "Genius9"]
[Black "Ditto"]
[WhiteElo "1840"]
[BlackElo "1700"]
[Result "0-1"]
[Round "1"]
1.e4 e5
2.Nb1c3 Bf8c5
3.Ng1f3 d6
4.Bf1c4 Bc8g4
5.d3 Ng8f6
6.O-O O-O
7.Bc1e3 Bc5xe3
8.fxe3 c6
9.Qd1d2 Nb8d7
10.h3 Bg4h5
11.Qd2f2 Bh5g6
12.Nf3h4 Bg6h5
13.Nh4f5 Nd7b6
14.Bc4b3 Bh5g6
15.g4 Nf6e8
16.Nc3e2 Ne8c7
17.Ne2g3 Nb6d7
18.Nf5xd6 Ra8b8
 { time }
0-1

[Event "Tourn. n8863"]
[Site "www.chess-mail.com"]
[Date "2016.07.10"]
[Round "1"]
[White "Picifarkinca"]
[Black "Sachpat"]
[WhiteElo "1960"]
[BlackElo "1809"]
[Result "0-1"]
[Round "1"]
1.Ng1f3 Ng8f6
2.g3 c5
3.Bf1g2 Nb8c6
4.O-O e5
5.d3 d5
6.Nb1d2 Bf8e7
7.c4 d4
8.Rf1e1 O-O
9.Nd2f1 Rf8e8
10.e3 Bc8e6
11.Bc1d2 dxe3
12.Bd2xe3 Qd8c7
13.a3 Ra8d8
14.Qd1c2 Be6f5
15.Ra1d1 e4
16.dxe4 Bf5xe4
17.Qc2c1 Rd8xd1
18.Re1xd1 b6
19.Nf1d2 Be4f5
20.Nf3h4 Bf5g4
21.Rd1e1 Qc7d7
22.Nd2f1 Nc6e5
23.Qc1d2 Ne5xc4
24.Qd2xd7 Nf6xd7
{ resign }
0-1

[Event "Tourn. n8841"]
[Site "www.chess-mail.com"]
[Date "2016.07.10"]
[Round "1"]
[White "Osopanda"]
[Black "Genius2"]
[WhiteElo "2010"]
[BlackElo "2110"]
[Result "1-0"]
[Round "1"]
1.e4 c5
2.Ng1f3 d6
3.Bf1c4 Ng8f6
4.Qd1e2 Nb8c6
5.c3 e6
6.d4 cxd4
7.cxd4 Bf8e7
8.O-O O-O
9.Nb1c3 d5
10.Bc4d3 Nc6b4
11.Bd3b1  { time }
1-0

[Event "Tourn. n8815"]
[Site "www.chess-mail.com"]
[Date "2016.07.10"]
[Round "1"]
[White "Genius9"]
[Black "Derfel83"]
[WhiteElo "1830"]
[BlackElo "2020"]
[Result "0-1"]
[Round "1"]
1.d4 e6
2.c4 c5
3.Ng1f3 Ng8f6
4.Nb1c3 cxd4
5.Nf3xd4 Nb8c6
6.Nd4xc6 bxc6
7.e4 Qd8c7
8.Bf1e2 Bf8d6
9.h3 O-O
10.O-O Bd6c5
11.Bc1g5 Qc7e5
12.Bg5xf6 Qe5xf6
13.Nc3a4 Bc5b6
14.Na4xb6 axb6
15.Qd1c2 Bc8b7
16.Be2f3 Rf8c8
17.a3 d5
 { time }
0-1

[Event "Tourn. n8820"]
[Site "www.chess-mail.com"]
[Date "2016.07.10"]
[Round "1"]
[White "Francesco"]
[Black "Genius2"]
[WhiteElo "2010"]
[BlackElo "2080"]
[Result "1-0"]
[Round "1"]
1.e4 c5
2.Ng1f3 d6
3.c3 Ng8f6
4.e5 dxe5
5.Nf3xe5 a6
6.Bf1c4 e6
7.O-O Bf8d6
8.d4 cxd4
9.cxd4 O-O
10.Bc1g5 Bd6e7
11.Nb1c3 Nb8d7
12.Rf1e1 Nd7xe5
13.dxe5 Nf6d7
14.Bg5xe7 Qd8xe7
15.Ra1c1 Nd7b6
16.Bc4b3 Bc8d7
17.Nc3e4  { time }
1-0

[Event "Tourn. n8820"]
[Site "www.chess-mail.com"]
[Date "2016.07.10"]
[Round "1"]
[White "Genius2"]
[Black "Jesmantiz"]
[WhiteElo "2080"]
[BlackElo "2030"]
[Result "0-1"]
[Round "1"]
1.d4 f5
2.Ng1f3 g6
3.b3 Bf8g7
4.Bc1b2 Ng8f6
5.e3 O-O
6.Bf1d3 d6
7.Nb1d2 Qd8e8
8.e4 fxe4
9.Nd2xe4 c6
10.Ne4xf6 Bg7xf6
11.O-O Nb8d7
12.Rf1e1 Qe8f7
13.Bd3c4 d5
14.Bc4d3 c5
15.c3 a6
 { time }
0-1

[Event "Tourn. n8822"]
[Site "www.chess-mail.com"]
[Date "2016.07.10"]
[Round "1"]
[White "Pwain"]
[Black "Genius9"]
[WhiteElo "1829"]
[BlackElo "1850"]
[Result "1-0"]
[Round "1"]
1.e4 e5
2.Ng1f3 Nb8c6
3.Bf1b5 a6
4.Bb5a4 Ng8f6
5.O-O Bf8e7
6.Ba4xc6 dxc6
7.d3 Be7d6
8.Bc1g5 h6
9.Bg5h4 Bc8e6
10.d4 g5
11.Bh4g3 Nf6xe4
12.Bg3xe5 Bd6xe5
13.Nf3xe5 Qd8d6
14.f3 Ne4f6
15.f4  { time }
1-0

[Event "Tourn. n8826"]
[Site "www.chess-mail.com"]
[Date "2016.07.10"]
[Round "1"]
[White "Hundegana"]
[Black "Genius2"]
[WhiteElo "2050"]
[BlackElo "2080"]
[Result "1-0"]
[Round "1"]
1.f4 g6
2.e4 Bf8g7
3.g3 d5
4.e5 h5
5.d3 c6
6.Bf1g2 Bc8g4
7.Bg2f3 Bg4xf3
8.Qd1xf3 e6
9.Ng1e2 Ng8e7
10.O-O Nb8d7
11.d4 Qd8b6
12.Kg2 c5
13.c3 cxd4
14.cxd4  { time }
1-0

[Event "Tourn. n8819"]
[Site "www.chess-mail.com"]
[Date "2016.07.10"]
[Round "1"]
[White "Jesmantiz"]
[Black "Genius9"]
[WhiteElo "2030"]
[BlackElo "1850"]
[Result "1-0"]
[Round "1"]
1.d4 d5
2.e3 Ng8f6
3.Bf1d3 g6
4.Nb1d2 Bf8g7
5.f4 O-O
6.Ng1f3 b6
7.O-O Bc8b7
8.c3 Nb8d7
9.Nf3e5 c5
10.Rf1f3 cxd4
11.exd4 a6
12.Rf3h3 Nd7xe5
13.fxe5 Nf6d7
14.Nd2f3 b5
15.Nf3g5  { time }
1-0

[Event "Tourn. n8819"]
[Site "www.chess-mail.com"]
[Date "2016.07.10"]
[Round "1"]
[White "Genius9"]
[Black "Pellix84"]
[WhiteElo "1850"]
[BlackElo "1910"]
[Result "0-1"]
[Round "1"]
1.Nb1c3 Ng8f6
2.e4 d6
3.d4 Nb8c6
4.Bf1b5 a6
5.Bb5xc6 bxc6
6.Ng1f3 Bc8b7
7.Qd1e2 e6
8.Bc1g5 Bf8e7
9.O-O O-O
10.Rf1e1 d5
11.e5 Nf6d7
12.Bg5xe7 Qd8xe7
13.a3 c5
14.dxc5 Qe7xc5
 { time }
0-1

[Event "Tourn. n8802"]
[Site "www.chess-mail.com"]
[Date "2016.07.10"]
[Round "1"]
[White "Nulladies"]
[Black "Passaroa25"]
[WhiteElo "1499"]
[BlackElo "1570"]
[Result "1-0"]
[Round "1"]
1.d4 c6
2.Bc1f4 d5
3.Ng1f3 Bc8e6
4.e3 f6
5.Bf1d3 Be6f7
6.Nb1d2 e6
7.c3 Bf8d6
8.Nf3e5 fxe5
9.dxe5 Bd6c7
10.O-O Ng8e7
11.Qd1g4 Ne7g6
12.Bf4g5 Ng6xe5
13.Bg5xd8 Ne5xg4
14.Bd8xc7 Nb8a6
15.Bc7d6 Kd7
16.Bd6f4 e5
17.Bd3f5 Bf7e6
18.Bf5xg4 exf4
19.Bg4xe6 Kxe6
20.exf4 Kd6
21.Ra1d1 Kc5
22.Nd2b3 Kb6
23.Rf1e1 g6
24.Re1e7 Ra8e8
25.Rd1e1 h5
26.Re7xe8 Rh8xe8
27.Re1xe8 Na6c7
28.Re8g8 Nc7e6
29.g3 Ne6c5
30.Nb3xc5 Kxc5
31.Rg8xg6 Kc4
32.f5 a5
33.f6 Kd3
34.f7 Kc2
35.f8Q Kxb2
36.Qf8c5 Kxa2
37.Qc5xa5 Kb3
38.Rg6g5 Kc4
39.Qa5b4 Kd3
40.Qb4d4 Kc2
41.Rg5xh5 b5
42.Rh5e5 Kb3
43.Qd4b4 Kc2
44.Qb4d4 Kb3
45.Re5e2 c5
46.Qd4xc5 { resign }
1-0

[Event "Tourn. n8777"]
[Site "www.chess-mail.com"]
[Date "2016.07.10"]
[Round "1"]
[White "Genius9"]
[Black "Taxrama"]
[WhiteElo "1860"]
[BlackElo "1729"]
[Result "0-1"]
[Round "1"]
1.Ng1f3 d5
2.g3 e6
3.d4 Bf8e7
4.Bf1g2 Nb8c6
5.O-O Ng8f6
6.Nb1d2 O-O
7.e3 Bc8d7
8.c4 b6
9.a3 Bd7c8
10.b3 Ra8b8
11.Bc1b2 Bc8a6
12.Rf1e1 Nf6g4
13.h3 Ng4f6
14.Ra1c1 Ba6b7
15.b4 Be7d6
16.c5 bxc5
17.dxc5 Bd6e7
18.Nd2b3 Nf6e4
19.Nb3d4 Ne4f6
20.Nd4xc6 Bb7xc6
 { time }
0-1

[Event "Tourn. n8832"]
[Site "www.chess-mail.com"]
[Date "2016.07.10"]
[Round "1"]
[White "Kampungboy"]
[Black "Wegaman"]
[WhiteElo "1849"]
[BlackElo "1900"]
[Result "1-0"]
[Round "1"]
1.e4 e6
2.d4 d5
3.Nb1c3 Bf8b4
4.e5 c5
5.Qd1g4 Bb4xc3
6.bxc3 g6
7.Ng1f3 Ng8e7
8.Bc1d2 Nb8c6
9.Qg4g5 Bc8d7
10.Qg5f6 O-O
11.dxc5 Ne7f5
12.g4 Qd8xf6
13.exf6 Rf8e8
14.O-O-O b6
15.gxf5 exf5
16.Bd2e3 Ra8b8
17.cxb6 axb6
18.Rd1xd5 Bd7e6
19.Rd5d6 Re8c8
20.Bf1a6 Rc8c7
21.Rh1d1 h5
22.Be3h6 Kh7
23.Bh6g7 Rb8a8
24.Ba6b5 Ra8xa2
25.Nf3g5 Kg8
26.Rd6d8 Nc6xd8
27.Rd1xd8 { resign }
1-0

[Event "Tourn. n8757"]
[Site "www.chess-mail.com"]
[Date "2016.07.10"]
[Round "1"]
[White "Seger"]
[Black "Ejner"]
[WhiteElo "2760"]
[BlackElo "2390"]
[Result "1-0"]
[Round "1"]
1.d4 d5
2.c4 e6
3.Ng1f3 Ng8f6
4.Nb1c3 Nb8d7
5.e3 Bf8e7
6.b3 dxc4
7.bxc4 b6
8.Bf1d3 Bc8b7
9.O-O c5
10.Bc1b2 O-O
11.d5 exd5
12.Nc3xd5 Nf6xd5
13.cxd5 Bb7xd5
14.Bd3xh7 Kxh7
15.Qd1xd5 Be7f6
16.Qd5f5 Kg8
17.Nf3g5 Bf6xg5
18.Ra1d1 Bg5h6
19.Rd1xd7 Qd8g5
20.Qf5e4 Rf8e8
21.Qe4f3 Qg5g6
22.h4 Re8e4
23.h5 Qg6e6
24.Rf1d1 Ra8f8
25.Rd1d6 Qe6g4
26.Qf3xg4 Re4xg4
27.f4 Rg4h4
28.Rd6d5 { resign }
1-0

[Event "Tourn. n8846"]
[Site "www.chess-mail.com"]
[Date "2016.07.10"]
[Round "1"]
[White "Frisker"]
[Black "Genius2"]
[WhiteElo "2149"]
[BlackElo "2070"]
[Result "1-0"]
[Round "1"]
1.d4 d5
2.Ng1f3 Ng8f6
3.c4 c6
4.g3 e6
5.Bf1g2 Bf8b4
6.Nb1d2 O-O
7.O-O Nb8d7
8.a3 Bb4xd2
9.Nf3xd2 Rf8e8
10.f4 dxc4
11.Nd2xc4  { time }
1-0

[Event "Tourn. n8828"]
[Site "www.chess-mail.com"]
[Date "2016.07.10"]
[Round "1"]
[White "Julian"]
[Black "Genius2"]
[WhiteElo "2060"]
[BlackElo "2080"]
[Result "1-0"]
[Round "1"]
1.e4 c5
2.Ng1f3 d6
3.c3 Ng8f6
4.d3 g6
5.h3 Bf8g7
6.Bc1e3 Nb8c6
7.Nb1d2 O-O
8.g4 h6
9.Bf1g2 a6
10.O-O b5
11.a3 Bc8b7
12.Rf1e1  { time }
1-0

[Event "Tourn. n8829"]
[Site "www.chess-mail.com"]
[Date "2016.07.10"]
[Round "1"]
[White "Odin"]
[Black "Genius9"]
[WhiteElo "1920"]
[BlackElo "1850"]
[Result "1-0"]
[Round "1"]
1.d4 d5
2.Nb1c3 e6
3.Ng1f3 Ng8f6
4.Bc1f4 a6
5.e3 c5
6.Bf1e2 Nb8c6
7.Nf3e5 Bc8d7
8.Be2h5 g6
9.Bh5f3 cxd4
10.exd4  { time }
1-0

[Event "Tourn. n8838"]
[Site "www.chess-mail.com"]
[Date "2016.07.10"]
[Round "1"]
[White "Gatrooper"]
[Black "Daquata"]
[WhiteElo "1600"]
[BlackElo "1790"]
[Result "0-1"]
[Round "1"]
1.e4 e5
2.a3 Ng8f6
3.Nb1c3 Nb8c6
4.Ng1f3 Bf8c5
5.d3 O-O
6.Bc1e3 Bc5xe3
7.fxe3 d6
8.h3 Bc8e6
9.Bf1e2 Qd8d7
10.d4 exd4
11.exd4 d5
12.e5 Nf6e4
13.Nc3xe4 dxe4
14.Nf3g5 Qd7xd4
15.Qd1xd4 Nc6xd4
16.Kd1 Ra8d8
17.Ng5xe4 Nd4b3
18.Be2d3 Nb3xa1
19.Ne4g5 Rf8e8
20.Kc1 Na1b3
21.cxb3 Rd8xd3
22.h4 Be6xb3
23.Ng5f3 Bb3d5
24.Nf3h2 Bd5xg2
25.Rh1g1 Bg2c6
26.Nh2g4 h5
27.Ng4f2 Rd3f3
28.Nf2d1 Re8xe5
29.Nd1c3 Rf3h3
30.Rg1f1 Rh3xh4
31.Rf1d1 Rh4h1
32.Rd1xh1 Bc6xh1
33.Kb1 h4
34.Nc3d1 Re5e1
35.Kc1 Bh1f3
36.Kd2 Re1xd1
37.Ke3 Bf3g2
38.Kf2 h3
39.Kg3 Rd1h1
40.Kh4 h2
41.Kg3 Bg2c6
42.b4 b5
43.Kh3 f5
44.Kg3 f4
45.Kxf4 Rh1a1
46.Ke5 h1Q
{ resign }
0-1

[Event "Tourn. n8793"]
[Site "www.chess-mail.com"]
[Date "2016.07.10"]
[Round "1"]
[White "Faerieking"]
[Black "Nimzo"]
[WhiteElo "2280"]
[BlackElo "2840"]
[Result "0-1"]
[Round "1"]
1.e4 e5
2.Ng1f3 Nb8c6
3.Bf1b5 a6
4.Bb5a4 Ng8f6
5.O-O Bf8e7
6.Rf1e1 b5
7.Ba4b3 O-O
8.c3 d5
9.exd5 Nf6xd5
10.Nf3xe5 Nc6xe5
11.Re1xe5 c6
12.Re5e1 Be7d6
13.d4 Qd8h4
14.g3 Qh4h3
15.Bb3xd5 cxd5
16.Qd1f3 Bc8f5
17.Qf3g2 Qh3h5
18.Qg2xd5 Ra8d8
19.Qd5g2 Rf8e8
20.Bc1e3 Bf5e4
21.f3 Be4xf3
22.Qg2f2 Re8e6
23.Nb1d2 Bf3c6
{ resign }
0-1

[Event "Tourn. n8840"]
[Site "www.chess-mail.com"]
[Date "2016.07.10"]
[Round "1"]
[White "Goofy"]
[Black "Faerieking"]
[WhiteElo "2260"]
[BlackElo "2260"]
[Result "1-0"]
[Round "1"]
1.e4 e5
2.Ng1f3 Nb8c6
3.Bf1c4 Ng8f6
4.d3 Bf8e7
5.Bc4b3 h6
6.c3 O-O
7.Nb1d2 d5
8.Qd1e2 Bc8g4
9.h3 Bg4e6
10.Nd2f1 Be7c5
11.g4 Qd8d7
12.Nf1g3 Rf8e8
13.Ng3f5 Ra8d8
14.Nf3h4 Kh7
15.g5 g6
16.gxf6 gxf5
17.exf5 Be6xf5
18.Qe2h5 { resign }
1-0

[Event "Match"]
[Site "www.echecsemail.com"]
[Date "2016.07.10"]
[Round "1"]
[White "Tartan"]
[Black "Ejner"]
[WhiteElo "2340"]
[BlackElo "2390"]
[Result "0-1"]
[Round "1"]
1.d4 e6
2.e4 d5
3.Nb1c3 dxe4
4.Nc3xe4 Nb8d7
5.Ng1f3 Ng8f6
6.Bf1d3 Bf8e7
7.Qd1e2 Nf6xe4
8.Bd3xe4 c5
9.Bc1e3 Nd7f6
10.Be4d3 Qd8c7
11.O-O O-O
12.dxc5 Be7xc5
13.Be3xc5 Qc7xc5
14.Ra1d1 b6
15.Rf1e1 Bc8b7
16.Nf3e5 g6
17.Qe2d2 Rf8d8
18.Qd2f4 Kg7
19.Bd3c4 Bb7d5
20.Bc4xd5 Rd8xd5
21.c4 Rd5d8
22.g4 h6
23.h4 Qc5c7
24.g5 hxg5
25.hxg5 Nf6h5
26.Qf4f3 Ra8c8
27.Qf3e3 Rd8d6
28.Rd1xd6 Qc7xd6
29.Re1d1 Qd6xd1
{ resign }
0-1

[Event "Match"]
[Site "www.echecsemail.com"]
[Date "2016.07.10"]
[Round "1"]
[White "Ztornad"]
[Black "Canario"]
[WhiteElo "1780"]
[BlackElo "1870"]
[Result "1/2-1/2"]
[Round "1"]
1.Ng1f3 Nb8c6
2.Nb1c3 e5
3.e4 Ng8f6
4.Bf1c4 h6
5.a4 Bf8c5
6.d3 d6
7.Bc1e3 Bc5xe3
8.fxe3 Bc8g4
9.Nc3d5 Nc6a5
10.Bc4a2 Bg4e6
11.Nd5xf6 Qd8xf6
12.Ba2xe6 Qf6xe6
13.b3 b6
14.O-O O-O
15.b4 Na5c6
16.c3 Nc6e7
17.Ra1a3 Rf8d8
18.Qd1b3 Qe6xb3
19.Ra3xb3 g5
20.g4 c5
21.b5 Ne7g6
22.c4 a5
23.Nf3d2 Kg7
24.Rf1f2 Rd8d7
25.Nd2f1 Ra8f8
26.Nf1g3 Ng6h4
27.Ng3f5 Nh4xf5
28.exf5 f6
29.e4 Rf8h8
30.Rf2f3 h5
31.h3 hxg4
32.hxg4 Rh8h4
33.Rf3g3 Rd7d8
34.Kg2 Rd8h8
35.Kf3 Rh4h2
36.Rb3a3 Rh8h3
37.Rg3xh3 Rh2xh3
38.Kg2 Rh3e3
39.Kf2 { draw }
1/2-1/2

[Event "Match"]
[Site "www.echecsemail.com"]
[Date "2016.07.10"]
[Round "1"]
[White "Llord"]
[Black "Jhzes"]
[WhiteElo "1750"]
[BlackElo "1809"]
[Result "1-0"]
[Round "1"]
1.e4 e6
2.d4 d5
3.e5 c5
4.c3 cxd4
5.cxd4 Nb8c6
6.Ng1f3 Bf8b4
7.Nb1c3 a6
8.Bc1d2 Bc8d7
9.a3 Bb4a5
10.b4 Ba5b6
11.Nc3a4 Bb6xd4
12.Nf3xd4 Nc6xd4
13.Bf1d3 Qd8c7
14.Na4c5 Qc7xe5
15.Bd2e3 Ng8f6
16.Nc5xd7 Nf6xd7
17.O-O Nd4c6
18.Rf1e1 Qe5f6
19.b5 axb5
20.Bd3xb5 O-O
21.Bb5xc6 bxc6
22.Qd1c2 Qf6e7
23.Qc2xc6 Rf8c8
24.Qc6b5 Nd7e5
25.Qb5b4 Qe7xb4
26.axb4 Ne5d3
27.Ra1xa8 Rc8xa8
28.Re1b1 Nd3xb4
29.Be3c5 Nb4d3
30.Bc5d6 h5
31.g3 Ra8a2
32.Rb1b8 Kh7
33.Rb8b7 Ra2xf2
34.Rb7b3 Rf2d2
35.Rb3b7 f5
36.Bd6f8 Nd3e5
37.Bf8xg7 Rd2d1
38.Kg2 Ne5g6
39.Bg7d4 Kg8
40.Rb7g7 Kf8
41.Rg7xg6 Kf7
42.Rg6g7 Kf8
43.Bd4e5 d4
44.Rg7h7 d3
45.Rh7d7 Ke8
46.Rd7d4 Rd1e1
47.Be5f6 Kf7
48.Bf6g5 e5
49.Rd4xd3 e4
50.Rd3d5 Ke6
51.Rd5a5 Re1e2
52.Kh3 e3
53.Ra5a3 Ke5
54.Bg5xe3 Ke4
55.Be3f4 Kd4
56.Kh4 Re2xh2
57.Kg5 Ke4
58.Ra3e3 Kd4
59.Kxf5 Rh2f2
60.Re3e8 Rf2h2
61.Re8h8 Rh2h3
62.Kg5 Ke4
63.Rh8xh5 Rh3xh5
64.Kxh5 Kf5
65.g4 Kxf4
66.g5 Kf5
67.Kh6 Ke6
68.g6 Ke7
69.g7 Kf7
70.Kh7 { resign }
1-0

[Event "1/128 Finale"]
[Site "www.chess-mail.com"]
[Date "2016.07.10"]
[Round "1"]
[White "Knightjumper"]
[Black "Derfel83"]
[WhiteElo "1630"]
[BlackElo "2060"]
[Result "0-1"]
[Round "1"]
1.d4 e6
2.c4 c5
3.Ng1f3 Ng8f6
4.e3 cxd4
5.exd4 Qd8c7
6.Nb1c3 a6
7.Bf1e2 Bf8e7
8.O-O O-O
9.Nf3e5 d6
10.Ne5f3 Bc8d7
11.Bc1g5 h6
12.Bg5xf6 Be7xf6
13.Ra1c1 Qc7b6
14.b3 Bd7c6
 { time }
0-1